000 00445cam a2200181ua 4500
020 _c1.50
041 _ahin
_h
082 _a891.54
_bSHA/MA
100 _aSharada, Mishra .
245 _aMangal grahmem rajiya /
_cSharada mishra.
_hTextual Documents
250 _a2 /
_b.
260 _aVaranasi :
_bHindi Pracharak Pusthakalayam ,
_c1964.
300 _a38 ; .
365 _a1.50
504 _a
942 _cBK
999 _c8359
_d8359